[Event "21st Panam-ch"]
[Site "Mar del Plata ARG"]
[Date "2012.10.18"]
[Round "8.63"]
[White "Freitas, Julio Eimard de"]
[Black "Andrade, Roberto Luiz Costa"]
[Result "1/2-1/2"]
[WhiteElo "1882"]
[BlackElo "2187"]
[EventDate "2012.10.12"]
[PlyCount "35"]

1.d4 Nf6 2.c4 d6 3.Nc3 e5 4.e4 exd4 5.Qxd4 Nc6 6.Qd1 g6 7.Be2 Bg7 8.Be3 
O-O 9.Nf3 Re8 10.Nd2 b6 11.O-O Ne5 12.h3 Bb7 13.Bg5 h6 14.Bh4 g5 15.Bg3 
Ng6 16.Qc2 Nf4 17.Bf3 N6h5 18.Bh2 1/2-1/2

[Event "21st Panam-ch"]
[Site "Mar del Plata ARG"]
[Date "2012.10.18"]
[Round "8.64"]
[White "Arcos Facio, Mateo"]
[Black "Aberbach, Angel"]
[Result "1-0"]
[WhiteElo "2174"]
[BlackElo "2023"]
[EventDate "2012.10.12"]
[PlyCount "65"]

1.e4 e6 2.d4 d5 3.Nc3 Bb4 4.e5 c5 5.a3 Bxc3+ 6.bxc3 Qa5 7.Bd2 Qa4 8.h4 Nc6
9.h5 h6 10.Nf3 c4 11.Nh4 Nge7 12.g4 Bd7 13.f4 O-O-O 14.Be3 f6 15.Bh3 fxe5 
16.fxe5 Rdf8 17.Qd2 Qa5 18.Qe2 Rf7 19.Rf1 Rhf8 20.Rg1 Rf4 21.Nf5 R8xf5 22.
gxf5 Nxd4 23.Qg2 Nf3+ 24.Ke2 Nxg1+ 25.Qxg1 Re4 26.f6 gxf6 27.exf6 Qxc3 28.
f7 Qh8 29.Rf1 Qf8 30.Kd1 Rxe3 31.Qxe3 Nf5 32.Bxf5 exf5 33.Rxf5 1-0

[Event "21st Panam-ch"]
[Site "Mar del Plata ARG"]
[Date "2012.10.18"]
[Round "8.65"]
[White "Ferreira, Kleber Victor"]
[Black "Perez Wertheim, Rodolfo"]
[Result "1-0"]
[WhiteElo "2121"]
[BlackElo "2015"]
[EventDate "2012.10.12"]
[PlyCount "135"]

1.e4 e5 2.Nc3 Nf6 3.Bc4 Nc6 4.d3 Bb4 5.Bg5 h6 6.Bh4 g5 7.Bg3 d6 8.Ne2 Be6 
9.a3 Ba5 10.b4 Bb6 11.Nd5 Bxd5 12.exd5 Ne7 13.Bb5+ Kf8 14.c4 Nf5 15.h3 Nh5
16.Bh2 Qf6 17.O-O Rd8 18.Nc3 Nf4 19.Ne4 Qg6 20.c5 dxc5 21.bxc5 Ba5 22.Bc4 
h5 23.Bxf4 gxf4 24.Kh1 Nh4 25.Rg1 f5 26.Nd2 e4 27.g3 Qf6 28.Nb3 Bc3 29.
gxh4 Qxh4 30.Qf1 Bxa1 31.Nxa1 f3 32.dxe4 Re8 33.d6 cxd6 34.cxd6 Rxe4 35.d7
Rg4 36.Nc2 Rd4 37.Ne1 Rxd7 38.Nxf3 Qe4 39.Qg2 Qxc4 40.Ne5 Qd5 41.Ng6+ Kg7 
42.Qxd5 Rxd5 43.Ne7+ Kf6 44.Nxd5+ Ke5 45.Ne7 Rd8 46.Ng6+ Ke4 47.Re1+ Kf3 
48.Re3+ Kxf2 49.Rb3 b6 50.Nh4 Rd5 51.Rf3+ Ke2 52.Kg2 Kd2 53.Nxf5 Kc1 54.
Kg3 Kb2 55.Kh4 a5 56.Kxh5 a4 57.Kg6 b5 58.h4 b4 59.axb4 a3 60.h5 Rb5 61.h6
Rxb4 62.h7 Rb6+ 63.Kf7 Rb8 64.Nd4 Ra8 65.Nb3 a2 66.Kg7 Ra3 67.h8=Q Rxb3 
68.Rxb3+ 1-0

[Event "21st Panam-ch"]
[Site "Mar del Plata ARG"]
[Date "2012.10.18"]
[Round "8.66"]
[White "Baeta, Marcio Netto"]
[Black "Santopietro, Gerardo"]
[Result "0-1"]
[WhiteElo "2101"]
[BlackElo "2006"]
[EventDate "2012.10.12"]
[PlyCount "66"]

1.d4 d5 2.c4 c6 3.cxd5 cxd5 4.Nc3 Nf6 5.Bf4 e6 6.e3 Bd6 7.Bb5+ Nc6 8.Nf3 
a6 9.Bd3 Bxf4 10.exf4 Qb6 11.a3 Bd7 12.Na4 Qc7 13.g3 O-O 14.Rc1 Qa5+ 15.b4
Nxb4 16.axb4 Qxa4 17.Qd2 Bb5 18.O-O Bxd3 19.Qxd3 Qxb4 20.Rc7 Rac8 21.Rb1 
Qxb1+ 22.Qxb1 Rxc7 23.Qb6 Rfc8 24.Ne5 Nd7 25.Qd6 Nxe5 26.dxe5 Rc6 27.Qd7 
Rb8 28.f5 exf5 29.Qxd5 Re6 30.Qc5 b5 31.Qb4 a5 32.Qxa5 b4 33.Qc7 Ree8 0-1

[Event "21st Panam-ch"]
[Site "Mar del Plata ARG"]
[Date "2012.10.18"]
[Round "8.67"]
[White "Fonseca, Luis Ernesto Serra"]
[Black "Sepulveda Perez, Jorge Eduardo"]
[Result "0-1"]
[WhiteElo "2096"]
[BlackElo "1953"]
[EventDate "2012.10.12"]
[PlyCount "29"]

1.e4 a6 2.Nf3 c5 3.c3 Nc6 4.d4 cxd4 5.cxd4 e6 6.Nc3 d5 7.e5 b5 8.Bd3 f6 9.
O-O f5 10.Bg5 Qb6 11.Rc1 h6 12.Be3 g5 13.Qb3 Na5 14.Qc2 Ne7 15.Ne2 {
Ilegible} 0-1

[Event "21st Panam-ch"]
[Site "Mar del Plata ARG"]
[Date "2012.10.18"]
[Round "8.68"]
[White "Judewicz, Alejandro"]
[Black "Lopez Miller, Indalecio"]
[Result "0-1"]
[WhiteElo "2084"]
[BlackElo "1940"]
[EventDate "2012.10.12"]
[PlyCount "90"]

1.e4 c5 2.Nf3 d6 3.d4 cxd4 4.Nxd4 Nf6 5.Nc3 Nc6 6.Be2 g6 7.Be3 Bg7 8.O-O 
O-O 9.Kh1 Bd7 10.f4 Na5 11.Nf3 b6 12.Bd4 Nc6 13.e5 dxe5 14.Bxe5 Bf5 15.Rc1
Qxd1 16.Bxd1 Rfd8 17.Be2 Nxe5 18.Nxe5 Rac8 19.Ba6 Rc5 20.Rfd1 Rxd1+ 21.
Rxd1 Bh6 22.g3 Bxc2 23.Rd8+ Kg7 24.Nd7 Ra5 25.Bc4 e6 26.Ne5 g5 27.fxg5 
Bxg5 28.Nf3 Be3 29.Kg2 Rf5 30.Bd3 Bxd3 31.Rxd3 Bc5 32.Na4 Be7 33.Nc3 Rc5 
34.Nd2 a6 35.Nb3 Rc7 36.Kf3 Nd7 37.Re3 Bf6 38.Rd3 Ne5+ 39.Ke2 Nxd3 40.Kxd3
Rd7+ 41.Ke3 Bxc3 42.bxc3 Rd1 43.h4 Rg1 44.Kf3 Rb1 45.Nd2 Ra1 0-1

[Event "21st Panam-ch"]
[Site "Mar del Plata ARG"]
[Date "2012.10.18"]
[Round "8.69"]
[White "Crespo, Eugenio"]
[Black "Curotto, Nicolas"]
[Result "1-0"]
[WhiteElo "2076"]
[BlackElo "1859"]
[EventDate "2012.10.12"]
[PlyCount "119"]

1.e4 e5 2.Nf3 Nc6 3.Bb5 a6 4.Ba4 Nf6 5.O-O b5 6.Bb3 Be7 7.Qe2 O-O 8.c3 d5 
9.d3 Bb7 10.Nbd2 Re8 11.Rd1 dxe4 12.dxe4 Bd6 13.Nf1 Na5 14.Bc2 Qe7 15.Ng3 
Bc8 16.Nh4 Nb7 17.Bg5 h6 18.Nhf5 Bxf5 19.Nxf5 Qd8 20.Bh4 Kh7 21.Qf3 Rh8 
22.Qh3 Kg8 23.Nxg7 Kxg7 24.Rd3 Nc5 25.Rg3+ Kf8 26.Rf3 Ncd7 27.Rd1 Qe7 28.
Qf5 Kg7 29.Rg3+ Kf8 30.Rf3 Kg7 31.Bb3 Rac8 32.Rg3+ Kf8 33.Rf3 Kg7 34.Rg3+ 
Kf8 35.Rf3 Kg7 36.Rdd3 Rcg8 37.Bd5 a5 38.Bc6 Qe6 39.Bxd7 Nxd7 40.Qh5 Kf8 
41.Rxf7+ Qxf7 42.Rf3 Qxf3 43.Qxf3+ Ke8 44.Qh5+ Kf8 45.Qf5+ Ke8 46.Qe6+ Kf8
47.Qxd7 Rg6 48.Qxb5 Rhg8 49.Bg3 h5 50.h4 Rg4 51.Qxa5 Ke7 52.Qd5 Kf6 53.c4 
Kg7 54.c5 Be7 55.Qxe5+ Bf6 56.Qxc7+ Kf8 57.c6 Rxe4 58.Qd7 Rg7 59.Qf5 Re1+ 
60.Kh2 1-0

[Event "21st Panam-ch"]
[Site "Mar del Plata ARG"]
[Date "2012.10.18"]
[Round "8.72"]
[White "Romero, Fabian"]
[Black "Oliveira, Francemir Barra de"]
[Result "0-1"]
[WhiteElo "2058"]
[BlackElo "1799"]
[EventDate "2012.10.12"]
[PlyCount "52"]

1.e4 e5 2.Nf3 Nc6 3.Bc4 Be7 4.Nc3 Nf6 5.d3 d6 6.Bg5 Bg4 7.h3 Bh5 8.Ne2 h6 
9.Be3 Na5 10.Bb3 Nxb3 11.axb3 b6 12.g4 Bg6 13.Ng3 Qd7 14.Qe2 h5 15.g5 Nh7 
16.h4 f5 17.exf5 Bxf5 18.Nxf5 Qxf5 19.Nd2 g6 20.O-O-O d5 21.Rde1 O-O-O 22.
f4 Bd6 23.fxe5 Bxe5 24.Rhf1 Qd7 25.Bc5 Rhe8 26.Qf3 Qg7 0-1

[Event "21st Panam-ch"]
[Site "Mar del Plata ARG"]
[Date "2012.10.18"]
[Round "8.75"]
[White "Salvatti, Diego"]
[Black "Etchevest, Marcelo"]
[Result "0-1"]
[WhiteElo "2112"]
[BlackElo "1744"]
[EventDate "2012.10.12"]
[PlyCount "88"]

1.d4 d5 2.Nf3 Nf6 3.e3 Bg4 4.Be2 Nc6 5.O-O e6 6.c4 dxc4 7.Nbd2 b5 8.a4 a6 
9.b3 c3 10.Qc2 b4 11.h3 Bh5 12.Nc4 Qd5 13.a5 Be7 14.Qa2 O-O 15.Qa4 Ne4 16.
Re1 f6 17.Qa2 Kh8 18.g4 Be8 19.Bf1 f5 20.Bg2 fxg4 21.hxg4 Rd8 22.Qe2 Qb5 
23.Ra2 Bg6 24.Qd1 Nc5 25.Nce5 Be4 26.Bf1 Qb7 27.Bc4 Nxe5 28.Nxe5 Nd7 29.
Qe2 Nxe5 30.dxe5 Bf3 31.Qf1 Qe4 32.Qh3 Bxg4 33.Qh2 Rf3 34.Bxa6 Rf5 35.f4 
Rh5 36.Qg2 Bf3 37.Qg3 Rh1+ 38.Kf2 Bh4 39.Rxh1 Bxg3+ 40.Kxg3 Bxh1 41.Bc4 
Qf3+ 42.Kh2 Qh5+ 43.Kg3 Rd1 44.a6 Rg1+ 0-1

[Event "21st Panam-ch"]
[Site "Mar del Plata ARG"]
[Date "2012.10.18"]
[Round "8.76"]
[White "Besso, Guadalupe"]
[Black "Maldonado, Federico"]
[Result "0-1"]
[WhiteElo "1730"]
[BlackElo "1973"]
[EventDate "2012.10.12"]
[PlyCount "64"]

1.d4 Nf6 2.c4 g6 3.Nc3 Bg7 4.e4 d6 5.f4 O-O 6.Nf3 c5 7.d5 e6 8.dxe6 fxe6 
9.Bd3 Nc6 10.O-O Nd4 11.Nxd4 cxd4 12.Nb5 e5 13.Qb3 Kh8 14.Qb4 Ne8 15.Bd2 
a6 16.Na3 a5 17.Qb3 Nc7 18.fxe5 dxe5 19.Rxf8+ Bxf8 20.Rf1 Ne6 21.Qb5 Bg7 
22.b4 axb4 23.Bxb4 Bd7 24.Qxb7 Rb8 25.Qa7 Rxb4 26.Rf7 Be8 27.Re7 Ra4 28.
Qb7 Rxa3 29.Rxe6 Rxd3 30.Re7 Bc6 31.Qa7 Qf8 32.Rf7 Qg8 0-1

[Event "21st Panam-ch"]
[Site "Mar del Plata ARG"]
[Date "2012.10.18"]
[Round "8.77"]
[White "Zalimben, Maria Luz"]
[Black "Ayala, Gustavo"]
[Result "0-1"]
[WhiteElo "1714"]
[BlackElo "1955"]
[EventDate "2012.10.12"]
[PlyCount "50"]

1.d4 Nf6 2.c4 d6 3.Nc3 Nbd7 4.e4 e5 5.d5 Be7 6.Nf3 O-O 7.Be2 Nc5 8.Qc2 a5 
9.O-O Bg4 10.h3 Bh5 11.Nd2 Bg6 12.f4 exf4 13.Rxf4 Nfd7 14.Rf1 Re8 15.Na4 
Bg5 16.Nc3 Be3+ 17.Kh1 Bxd2 18.Qxd2 Nf6 19.Qf4 Ncxe4 20.Nxe4 Rxe4 21.Qf2 
Qe7 22.Bd3 Re5 23.Bxg6 hxg6 24.b3 Nh5 25.Qf3 Rf5 0-1

[Event "21st Panam-ch"]
[Site "Mar del Plata ARG"]
[Date "2012.10.18"]
[Round "8.78"]
[White "Beron, Ricardo"]
[Black "Cortes Orihuela, Javier"]
[Result "0-1"]
[WhiteElo "1703"]
[BlackElo "1948"]
[EventDate "2012.10.12"]
[PlyCount "88"]

1.Nf3 g6 2.c4 Bg7 3.g3 d6 4.Bg2 e5 5.Nc3 f5 6.d3 Nf6 7.Bg5 h6 8.Bxf6 Qxf6 
9.Nb5 Na6 10.Nc3 O-O 11.Rb1 Kh8 12.b4 e4 13.Nd5 exf3 14.Nxf6 fxg2 15.Rg1 
Bxf6 16.Rxg2 Re8 17.c5 Bg7 18.cxd6 cxd6 19.Qc2 Bd7 20.Kf1 Rac8 21.Qd2 d5 
22.Rg1 d4 23.Kg2 Bc6+ 24.f3 Nc7 25.Rgc1 Nb5 26.Rb2 Nc3 27.Re1 Re3 28.Kf1 
Rce8 29.Qc1 g5 30.Rc2 h5 31.Kf2 h4 32.Rxc3 dxc3 33.Qxe3 Rxe3 34.Kxe3 f4+ 
35.gxf4 gxf4+ 36.Kxf4 c2 37.Ke3 Bc3 38.Rc1 Ba4 39.d4 h3 40.a3 Bb2 41.Kd2 
Bxa3 42.Ra1 Bb2 43.Rg1 Bxd4 44.Rg3 Be3+ 0-1

[Event "21st Panam-ch"]
[Site "Mar del Plata ARG"]
[Date "2012.10.18"]
[Round "8.79"]
[White "Aguero Arce, Matias"]
[Black "Epelboin, Matias"]
[Result "1/2-1/2"]
[WhiteElo "1633"]
[BlackElo "1941"]
[EventDate "2012.10.12"]
[PlyCount "39"]

1.d4 Nf6 2.Nf3 g6 3.c4 Bg7 4.Nc3 O-O 5.e4 d6 6.Be2 e5 7.O-O Nc6 8.d5 Ne7 
9.Ne1 Nd7 10.Be3 f5 11.f3 f4 12.Bf2 g5 13.Rc1 Rf6 14.b4 Rh6 15.c5 Qe8 16.
cxd6 cxd6 17.g4 fxg3 18.Bxg3 a6 19.Qd2 Ng6 20.Qxg5 1/2-1/2

[Event "21st Panam-ch"]
[Site "Mar del Plata ARG"]
[Date "2012.10.18"]
[Round "8.80"]
[White "Ezcurra, Mariano"]
[Black "Bianchi, Augusto"]
[Result "0-1"]
[WhiteElo "1560"]
[BlackElo "1903"]
[EventDate "2012.10.12"]
[PlyCount "164"]

1.c4 Nf6 2.Nc3 e5 3.d3 c6 4.e3 d5 5.cxd5 cxd5 6.d4 exd4 7.exd4 Nc6 8.Nf3 
Bg4 9.Be2 Be7 10.Be3 O-O 11.O-O Rc8 12.Rc1 Na5 13.Ne5 Bxe2 14.Qxe2 a6 15.
Na4 b5 16.Rxc8 Qxc8 17.Rc1 Qe6 18.Nc5 Bxc5 19.Rxc5 Ne4 20.Rc7 f6 21.Qg4 
Qxg4 22.Nxg4 h5 23.f3 hxg4 24.fxe4 Nc4 25.Kf2 dxe4 26.b3 Nb2 27.Bd2 f5 28.
g3 Rd8 29.Ke2 Nd3 30.Ke3 Rd5 31.Rc6 Kf7 32.Rxa6 g5 33.Ra7+ Ke6 34.Ra8 Rd7 
35.Re8+ Kd6 36.Rf8 Ke6 37.Ke2 Rh7 38.Bxg5 Rxh2+ 39.Ke3 Rf2 40.Rf6+ Kd5 41.
Rf8 Rf3+ 42.Ke2 Kxd4 43.Bf6+ Kd5 44.Bg5 Ke6 45.Re8+ Kf7 46.Re7+ Kg6 47.Bh4
Rf2+ 48.Ke3 Rxa2 49.Re6+ Kg7 50.Re7+ Kf8 51.Rb7 Rf2 52.Rb8+ Kf7 53.Rb7+ 
Ke6 54.Rb6+ Kd5 55.Rxb5+ Kc6 56.Rb8 Rf3+ 57.Kd2 Nf2 58.Rc8+ Kb7 59.Rc3 Kb6
60.Bg5 Kb5 61.Be3 Nd3 62.Rc8 Rxg3 63.Rb8+ Kc6 64.Rb6+ Kc7 65.Rf6 Rf3 66.
Rf7+ Kd6 67.Rf6+ Ke5 68.Rf8 g3 69.Re8+ Kf6 70.Bd4+ Kf7 71.Rd8 Nf2 72.Rd7+ 
Kg6 73.Rg7+ Kh5 74.Bf6 Ng4 75.Bd8 g2 76.Bb6 e3+ 77.Bxe3 Rxe3 78.Rh7+ Kg6 
79.Rh1 gxh1=Q 80.b4 Qg2+ 81.Kd1 Rh3 82.b5 Rh1# 0-1

[Event "21st Panam-ch"]
[Site "Mar del Plata ARG"]
[Date "2012.10.18"]
[Round "8.88"]
[White "Schuh, Astor Jose"]
[Black "Morales, Guillermo"]
[Result "1-0"]
[WhiteElo "2055"]
[BlackElo "1779"]
[EventDate "2012.10.12"]
[PlyCount "137"]

1.e4 Nf6 2.e5 Nd5 3.Nc3 Nb6 4.d4 d6 5.f4 dxe5 6.fxe5 g6 7.Be3 Bg7 8.Nf3 
Nc6 9.Qd2 h6 10.Bb5 Bd7 11.Bd3 Be6 12.b3 a6 13.a3 Qd7 14.Ne4 Bg4 15.Nc5 
Qc8 16.Be4 Nd7 17.e6 Nxc5 18.exf7+ Kf8 19.dxc5 Bxa1 20.Bxc6 bxc6 21.c3 
Bxf3 22.Bxh6+ Kxf7 23.O-O Ke8 24.Rxf3 Qd7 25.Qg5 Kd8 26.Bg7 Rg8 27.Qc1 
Bxc3 28.Qxc3 Kc8 29.Rd3 Qe6 30.Re3 Qd7 31.Be5 Rd8 32.Qa5 Ra7 33.Re1 Qd2 
34.Bc3 Qd3 35.a4 Qd5 36.Rxe7 Qxb3 37.h3 Rd7 38.Re8+ Rd8 39.Re7 Rd7 40.Re8+
Rd8 41.Re2 Qf7 42.Be5 Rd7 43.Qe1 Re7 44.Qg3 Rb7 45.Rf2 Qe8 46.Qg4+ Kb8 47.
Bf6 Rb1+ 48.Kh2 Ree1 49.Qd4 Re4 50.Qd3 Rbb4 51.Qxa6 Rxa4 52.Rb2+ Reb4 53.
Qxa4 Rxb2 54.Bxb2 Qe6 55.Qb4+ Ka7 56.Qd4 Ka6 57.Qa4+ Kb7 58.Qf4 Kb8 59.Be5
Qd7 60.h4 Qe7 61.Qf6 Qxc5 62.Qd8+ Kb7 63.Bxc7 Ka6 64.Qd3+ Kb7 65.Bd6 Qh5 
66.Qg3 Qf5 67.Qf4 Qd3 68.Qb4+ Ka6 69.Bc5 1-0

[Event "21st Panam-ch"]
[Site "Mar del Plata ARG"]
[Date "2012.10.18"]
[Round "8.90"]
[White "Mendez, Nicolas"]
[Black "Bigoria Escobedo, Raul"]
[Result "1-0"]
[WhiteElo "1744"]
[BlackElo "1868"]
[EventDate "2012.10.12"]
[PlyCount "45"]

1.d4 Nf6 2.c4 g6 3.Nc3 Bg7 4.Nf3 d6 5.Bf4 O-O 6.h3 Nbd7 7.e3 e6 8.Be2 a6 
9.O-O Qe7 10.Rc1 Rd8 11.Qb3 Nh5 12.Bh2 e5 13.Nd5 Qf8 14.Nxc7 Ra7 15.Qa3 
Nb8 16.Nb5 Ra8 17.dxe5 dxe5 18.Nxe5 Be6 19.Qxf8+ Kxf8 20.Nc7 Ra7 21.Nxe6+ 
fxe6 22.Rfd1 Re8 23.Bxh5 1-0

[Event "21st Panam-ch"]
[Site "Mar del Plata ARG"]
[Date "2012.10.18"]
[Round "8.91"]
[White "Prado, Hamilton Mesquita do"]
[Black "Alvarez, Agustin"]
[Result "0-1"]
[WhiteElo "1669"]
[BlackElo "1863"]
[EventDate "2012.10.12"]
[PlyCount "72"]

1.d4 d5 2.Bf4 Nf6 3.e3 c5 4.c3 Nc6 5.Bd3 Qb6 6.Qc1 Bg4 7.h3 Bh5 8.Nd2 Rc8 
9.Ngf3 e6 10.O-O Be7 11.Ne5 cxd4 12.cxd4 O-O 13.Nxc6 Rxc6 14.Qb1 Rfc8 15.
Nb3 Bg6 16.Qd1 a5 17.a4 Qb4 18.Re1 Rb6 19.Bxg6 hxg6 20.Nd2 Rbc6 21.Nf3 Rc2
22.Qd3 Ne4 23.Re2 Qxb2 24.Rxc2 Rxc2 25.Rf1 Rxf2 26.Rxf2 Qxf2+ 27.Kh2 g5 
28.Bb8 f5 29.Qb5 Bd6+ 30.Bxd6 Nxd6 31.Qd7 g4 32.Qxe6+ Kh8 33.hxg4 fxg4 34.
Qxg4 Qxe3 35.Qh4+ Qh6 36.Kg3 Nf5+ 0-1

[Event "21st Panam-ch"]
[Site "Mar del Plata ARG"]
[Date "2012.10.18"]
[Round "8.92"]
[White "Brizzi, Milagros Tatiana"]
[Black "Desanzo, Juan Carlos"]
[Result "1-0"]
[WhiteElo "1839"]
[BlackElo "1604"]
[EventDate "2012.10.12"]
[PlyCount "51"]

1.e4 c5 2.Nf3 d6 3.d3 Nc6 4.g3 g6 5.Bg2 Bg7 6.O-O e6 7.c3 Nge7 8.Na3 O-O 
9.Be3 Rb8 10.d4 cxd4 11.cxd4 b5 12.Nc2 a5 13.Qd2 b4 14.Bh6 Qb6 15.Bxg7 
Kxg7 16.Ne3 Ba6 17.Rfc1 d5 18.Ng4 Ng8 19.exd5 exd5 20.Nge5 Nxe5 21.Nxe5 
Nf6 22.Rc6 Qa7 23.Rxf6 Kxf6 24.Ng4+ Ke7 25.Qg5+ Kd6 26.Qe5+ 1-0

[Event "21st Panam-ch"]
[Site "Mar del Plata ARG"]
[Date "2012.10.18"]
[Round "8.93"]
[White "Figar, Nicolas"]
[Black "Farias, Sergio Luiz Cardoso"]
[Result "1-0"]
[WhiteElo "1802"]
[BlackElo "1524"]
[EventDate "2012.10.12"]
[PlyCount "85"]

1.e4 c6 2.d4 d5 3.e5 Bf5 4.h4 h6 5.g4 Bc8 6.Nc3 e6 7.f4 c5 8.dxc5 Bxc5 9.
Nf3 a6 10.Bd3 Ne7 11.Qe2 Nbc6 12.Bd2 Bd7 13.h5 Nb4 14.O-O-O d4 15.Ne4 
Nxd3+ 16.Qxd3 Bb5 17.Qb3 b6 18.Bb4 Rc8 19.Nxd4 Qd5 20.Nxb5 Qxb3 21.Nbd6+ 
Kd7 22.axb3 Bxb4 23.Nxf7+ Kc7 24.Nxh8 Rxh8 25.c3 Bc5 26.Nxc5 bxc5 27.c4 
Rf8 28.Rhf1 Re8 29.Rd6 Nc6 30.Kd2 a5 31.Ke3 Rb8 32.Rd3 Rf8 33.Ke4 Nb4 34.
Rd6 Re8 35.f5 exf5+ 36.gxf5 Nc6 37.Rd5 Kb6 38.Rg1 Re7 39.Rg6 Rc7 40.Rdd6 
Kb7 41.Rxc6 Rxc6 42.Rxc6 Kxc6 43.f6 1-0

[Event "21st Panam-ch"]
[Site "Mar del Plata ARG"]
[Date "2012.10.19"]
[Round "9.4"]
[White "Hernandez Guerrero, Gilberto"]
[Black "Flores, Diego"]
[Result "0-1"]
[WhiteElo "2531"]
[BlackElo "2598"]
[EventDate "2012.10.12"]
[PlyCount "68"]

1.e4 c5 2.Nf3 e6 3.d4 cxd4 4.Nxd4 a6 5.Be2 Nf6 6.Nc3 d6 7.O-O Be7 8.f4 Qc7
9.a4 Nc6 10.Be3 O-O 11.Kh1 Re8 12.Bf3 Rb8 13.Qd2 Na5 14.b3 b6 15.Qd3 Bb7 
16.Rad1 Rbc8 17.Bd2 Red8 18.Nce2 d5 19.e5 Ne4 20.f5 exf5 21.Nxf5 Qxe5 22.
Ned4 Bf6 23.Bg4 Nc6 24.c3 Qe8 25.Nxc6 Rxc6 26.Nd4 Rcd6 27.Kg1 Be5 28.Nf3 
f6 29.Nd4 Qg6 30.Bh3 Re8 31.Nf5 Rdd8 32.Bf4 Kh8 33.Nd4 Nf2 34.Qf3 Nd3 0-1

[Event "21st Panam-ch"]
[Site "Mar del Plata ARG"]
[Date "2012.10.19"]
[Round "9.6"]
[White "Cori Tello, Jorge"]
[Black "Bacallao Alonso, Yusnel"]
[Result "1/2-1/2"]
[WhiteElo "2522"]
[BlackElo "2580"]
[EventDate "2012.10.12"]
[PlyCount "101"]

1.d4 Nf6 2.c4 g6 3.Nf3 Bg7 4.g3 c6 5.Nc3 d5 6.cxd5 cxd5 7.Ne5 O-O 8.Bg2 e6
9.O-O Nfd7 10.Nf3 Nc6 11.e4 dxe4 12.Nxe4 Nb6 13.Bg5 f6 14.Bd2 Nd5 15.Rc1 
Nce7 16.Re1 Re8 17.h4 b6 18.Qb3 Nf5 19.g4 Nd6 20.Nc3 Nc7 21.Nh2 Bb7 22.Bf4
Bxg2 23.Kxg2 Qd7 24.Nf3 Rac8 25.Bxd6 Qxd6 26.Nb5 Qd7 27.Nxc7 Rxc7 28.Rxc7 
Qxc7 29.Rxe6 Rxe6 30.Qxe6+ Qf7 31.Qc6 Qe7 32.Qd5+ Qf7 33.Qc6 Bf8 34.d5 Qe7
35.Qc4 Qd7 36.g5 Bd6 37.gxf6 Qf5 38.Ng5 h6 39.f7+ Kf8 40.Qe2 Qxd5+ 41.Nf3 
Kxf7 42.Qe3 Qf5 43.Qd4 Bc5 44.Qc4+ Ke7 45.b4 Bd6 46.Nd4 Qe4+ 47.f3 Qe1 48.
Qd5 Qd2+ 49.Kf1 Qd1+ 50.Kg2 Qd2+ 51.Kf1 1/2-1/2

[Event "21st Panam-ch"]
[Site "Mar del Plata ARG"]
[Date "2012.10.19"]
[Round "9.7"]
[White "Felgaer, Ruben"]
[Black "Hungaski, Robert"]
[Result "1/2-1/2"]
[WhiteElo "2579"]
[BlackElo "2451"]
[EventDate "2012.10.12"]
[PlyCount "132"]

1.e4 e5 2.Nf3 Nc6 3.Bb5 f5 4.d3 fxe4 5.dxe4 Nf6 6.O-O d6 7.Nc3 a6 8.Bc4 
Na5 9.Be2 Bg4 10.Ng5 Bxe2 11.Qxe2 Nc6 12.Ne6 Qd7 13.Nd5 Rc8 14.Nxf6+ gxf6 
15.Qh5+ Ke7 16.Ng5 Qe8 17.Qh3 Qd7 18.Qh5 Qe8 19.Qxe8+ Rxe8 20.Nf3 Ke6 21.
Nh4 Rg8 22.g3 Ne7 23.f4 d5 24.exd5+ Nxd5 25.c4 Bc5+ 26.Kh1 Nb4 27.fxe5 
fxe5 28.Nf3 Nc2 29.Rb1 Be3 30.Bxe3 Nxe3 31.Rfe1 Nxc4 32.Rbc1 Nxb2 33.Rxc7 
Nd3 34.Re3 Nf2+ 35.Kg2 Ng4 36.Re2 Re7 37.Rc1 Kf6 38.h3 Nh6 39.Rf1 Kg7 40.
Rxe5 Rxe5 41.Nxe5 Re8 42.Nd3 Nf7 43.Nc5 Re7 44.Rb1 Re2+ 45.Kf3 Rc2 46.Ne6+
Kf6 47.Nd4 Rxa2 48.Rxb7 Ng5+ 49.Kg4 Ra4 50.Rb6+ Kg7 51.Kxg5 Rxd4 52.Rxa6 
Rd5+ 53.Kf4 Rb5 54.Re6 h6 55.g4 Rb1 56.Re3 Rh1 57.Kg3 Ra1 58.Re7+ Kf6 59.
Rh7 Kg6 60.Rd7 Ra3+ 61.Kh4 Rb3 62.Rd6+ Kg7 63.Rd2 Kg6 64.Rg2 Ra3 65.Rg3 
Rxg3 66.Kxg3 h5 1/2-1/2

[Event "21st Panam-ch"]
[Site "Mar del Plata ARG"]
[Date "2012.10.19"]
[Round "9.8"]
[White "Mekhitarian, Krikor Sevag"]
[Black "Matamoros Franco, Carlos"]
[Result "1-0"]
[WhiteElo "2503"]
[BlackElo "2534"]
[EventDate "2012.10.12"]
[PlyCount "53"]

1.e4 e6 2.d4 d5 3.Nc3 Nf6 4.e5 Nfd7 5.f4 c5 6.Nf3 Nc6 7.Be3 cxd4 8.Nxd4 
Bc5 9.Qd2 O-O 10.O-O-O a6 11.Nb3 Bb4 12.Rg1 b5 13.g4 Na5 14.Rg3 Nc4 15.
Bxc4 bxc4 16.Nd4 Qc7 17.Rh3 Nc5 18.Nde2 f5 19.gxf5 Rxf5 20.Qe1 Rb8 21.Qh4 
g6 22.Rg1 Qf7 23.Nd4 Bxc3 24.bxc3 Ne4 25.Nxf5 exf5 26.Qd8+ Qf8 27.Rxg6+ 
1-0

[Event "21st Panam-ch"]
[Site "Mar del Plata ARG"]
[Date "2012.10.19"]
[Round "9.10"]
[White "Leiva, Giuseppe"]
[Black "Ricardi, Pablo"]
[Result "1-0"]
[WhiteElo "2321"]
[BlackElo "2505"]
[EventDate "2012.10.12"]
[PlyCount "85"]

1.d4 Nf6 2.Nf3 g6 3.c4 Bg7 4.g3 O-O 5.Bg2 d6 6.O-O Nc6 7.Nc3 a6 8.Qc2 Rb8 
9.Rd1 Bd7 10.e4 Bg4 11.h3 Bxf3 12.Bxf3 Nd7 13.Be3 e5 14.Ne2 exd4 15.Nxd4 
Nxd4 16.Bxd4 Bxd4 17.Rxd4 Qf6 18.Qd1 h5 19.h4 Ne5 20.Bg2 Rfe8 21.Rc1 a5 
22.a3 b6 23.Rd5 Re6 24.Rc3 c6 25.Rd2 Rd8 26.f4 Ng4 27.e5 Qe7 28.Bh3 b5 29.
Bxg4 hxg4 30.cxb5 cxb5 31.Rcd3 Qa7+ 32.Kg2 d5 33.Qxg4 Rc6 34.h5 Rc1 35.Rd4
Rc2 36.hxg6 Qxd4 37.gxf7+ Kxf7 38.Qf5+ Kg7 39.Rxc2 Qe4+ 40.Qxe4 dxe4 41.
Re2 Rd4 42.Kf2 Kg6 43.g4 1-0

[Event "21st Panam-ch"]
[Site "Mar del Plata ARG"]
[Date "2012.10.19"]
[Round "9.11"]
[White "Perez Ponsa, Federico"]
[Black "Toth, Christian Endre"]
[Result "0-1"]
[WhiteElo "2489"]
[BlackElo "2357"]
[EventDate "2012.10.12"]
[PlyCount "80"]

1.e4 c5 2.Nc3 d6 3.Nf3 Nf6 4.d4 cxd4 5.Nxd4 Nc6 6.Bg5 e6 7.Qd2 Be7 8.O-O-O
O-O 9.f4 h6 10.Bxf6 Bxf6 11.Nxc6 bxc6 12.Qxd6 Qb6 13.Qd2 Rb8 14.b3 Rd8 15.
Bd3 Qa5 16.Na4 Rb4 17.c4 Bd4 18.a3 Rxa4 19.bxa4 Bc3 20.Qc2 c5 21.Qb3 Bd4 
22.Bc2 Bd7 23.Rxd4 cxd4 24.e5 Bc6 25.Rd1 Qc7 26.Qb4 Bxg2 27.c5 Rd5 28.Rxd4
a5 29.Qb5 g5 30.Rxd5 Bxd5 31.Qd3 Qxc5 32.Qh7+ Kf8 33.Qxh6+ Ke8 34.Qh8+ Kd7
35.Kb1 Qxa3 36.Qh7 Ba2+ 37.Ka1 Bd5+ 38.Kb1 Qb4+ 39.Ka1 Qxf4 40.Kb1 Qb4+ 
0-1

[Event "21st Panam-ch"]
[Site "Mar del Plata ARG"]
[Date "2012.10.19"]
[Round "9.12"]
[White "Valerga, Diego"]
[Black "De Dovitiis, Alejo"]
[Result "1/2-1/2"]
[WhiteElo "2485"]
[BlackElo "2348"]
[EventDate "2012.10.12"]
[PlyCount "106"]

1.d4 Nf6 2.c4 e6 3.Nf3 Bb4+ 4.Bd2 a5 5.Nc3 b6 6.Bg5 a4 7.a3 Bxc3+ 8.bxc3 
Bb7 9.Nd2 d6 10.f3 Ra5 11.Bh4 Nbd7 12.e4 Qa8 13.Bf2 O-O 14.Qc2 Ne8 15.Bd3 
g6 16.O-O Ng7 17.Rae1 Qd8 18.Be3 f5 19.exf5 exf5 20.c5 f4 21.Bf2 d5 22.c4 
Nf5 23.cxd5 Bxd5 24.Nc4 Ra7 25.Ne5 Nb8 26.Qc1 Ng7 27.Bc4 c6 28.Nd3 Raf7 
29.cxb6 Qxb6 30.Nb4 Qb7 31.Re5 Rd8 32.Rfe1 Bxc4 33.Qxc4 Kh8 34.Rc1 Nf5 35.
Nd3 Qb3 36.Nc5 Qxc4 37.Rxc4 Nd7 38.Nxd7 Rfxd7 39.Rxa4 Nxd4 40.h4 Nb5 41.
Bc5 Rd1+ 42.Kh2 R8d5 43.Rxd5 Rxd5 44.Be7 Rd3 45.Ra8+ Kg7 46.a4 Nd4 47.Ra7 
Kg8 48.Bg5 Ne6 49.Bh6 c5 50.Re7 Rd6 51.Kh3 Rc6 52.Kg4 c4 53.Bxf4 Nxf4 
1/2-1/2

[Event "21st Panam-ch"]
[Site "Mar del Plata ARG"]
[Date "2012.10.19"]
[Round "9.13"]
[White "Gemy, Jose Daniel"]
[Black "Tristan, Leonardo"]
[Result "0-1"]
[WhiteElo "2333"]
[BlackElo "2442"]
[EventDate "2012.10.12"]
[PlyCount "102"]

1.Nf3 Nf6 2.c4 e6 3.e3 d5 4.b3 Be7 5.Bb2 O-O 6.Be2 b6 7.O-O Bb7 8.Nc3 dxc4
9.bxc4 c5 10.d3 Nc6 11.a3 Rc8 12.Qc2 Qc7 13.Rfd1 Qb8 14.Nd2 Ne5 15.h3 Ng6 
16.Nf3 Nd7 17.Nb1 f5 18.Nbd2 e5 19.a4 a5 20.Bf1 Qc7 21.Re1 Nb8 22.Bc3 Nc6 
23.Qb2 Bf6 24.e4 f4 25.Nb1 Nh4 26.Be2 Rcd8 27.Rd1 Bc8 28.Nbd2 Be6 29.Rab1 
Rb8 30.Nxh4 Bxh4 31.Qa1 Bf6 32.Rb3 Qd6 33.Nf3 Rb7 34.Rdb1 Rfb8 35.Nh2 g6 
36.Bg4 Bf7 37.Be2 Bd8 38.Ng4 Re7 39.g3 fxg3 40.fxg3 Nd4 41.R3b2 Be6 42.Bd1
h5 43.Nf6+ Kg7 44.Nd5 Rf7 45.Kh2 h4 46.g4 Bxd5 47.cxd5 Qf6 48.Rg2 Qf4+ 49.
Kh1 Qf1+ 50.Kh2 Bg5 51.Bd2 Rf2 0-1

[Event "21st Panam-ch"]
[Site "Mar del Plata ARG"]
[Date "2012.10.19"]
[Round "9.14"]
[White "Reis, Renan do Carmo"]
[Black "Roselli Mailhe, Bernardo"]
[Result "0-1"]
[WhiteElo "2306"]
[BlackElo "2430"]
[EventDate "2012.10.12"]
[PlyCount "86"]

1.e4 e6 2.d4 d5 3.Nc3 Bb4 4.a3 Bxc3+ 5.bxc3 dxe4 6.Qg4 Nf6 7.Qxg7 Rg8 8.
Qh6 Nbd7 9.Ne2 b6 10.Ng3 Bb7 11.Bg5 Qe7 12.Qh4 h6 13.Bd2 O-O-O 14.Be2 Rg6 
15.O-O Rdg8 16.Bh5 Rg5 17.Be2 Nd5 18.c4 e3 19.fxe3 Rxg3 20.hxg3 Qxh4 21.
gxh4 Nxe3 22.Rf2 Nxc2 23.Ra2 Nxd4 24.Bxh6 Nf5 25.Bf4 Nxh4 26.Bh5 Rg7 27.
Rad2 Bc6 28.Bh2 f5 29.Kf1 Nf6 30.Bf3 Ne4 31.Bxe4 Bxe4 32.Be5 Rg4 33.Rf4 
Nxg2 34.Rxg4 Ne3+ 35.Ke2 Nxg4 36.Bc3 e5 37.a4 f4 38.Kf1 Ne3+ 39.Kg1 Nxc4 
40.Rh2 Kd7 41.Rh6 a5 42.Rh5 Kd6 43.Rh8 Bc2 0-1